KOHA-Header-6

Oxford Advanced Learner's Dictionary (Record no. 1718)

000 -LEADER
fixed length control field 00326nam a2200133Ia 4500
008 - FIXED-LENGTH DATA ELEMENTS--GENERAL INFORMATION
fixed length control field 190723s9999 xx 000 0 und d
020 ## - INTERNATIONAL STANDARD BOOK NUMBER
International Standard Book Number 978-0-19-479880-8
100 ## - MAIN ENTRY--PERSONAL NAME
Personal name A.S Hornby
245 #0 - TITLE STATEMENT
Title Oxford Advanced Learner's Dictionary
250 ## - EDITION STATEMENT
Edition statement 9th
260 ## - PUBLICATION, DISTRIBUTION, ETC. (IMPRINT)
Place of publication, distribution, etc UK
Name of publisher, distributor, etc Oxford Uni Press
Date of publication, distribution, etc 2015
300 ## - PHYSICAL DESCRIPTION
Extent 1852.:p
942 ## - ADDED ENTRY ELEMENTS (KOHA)
Koha item type Books
Holdings
Withdrawn status Lost status Damaged status Not for loan Collection code Permanent Location Current Location Shelving location Date acquired Full call number Barcode Date last seen Price effective from Koha item type
      Not For Loan Dictionaries MAJU MAJU Shelf No.B28 2019-07-23 423 8341 2019-07-23 2019-07-23 DICTIONARY

Powered by Koha